Countries with Unique Full Names - Statistics

General Stats
  • This quiz has been taken 25 times
  • The average score is 12 of 20
Answer Stats
Answer % Correct
Federated States of {Micronesia}
95%
Grand Duchy of {Luxembourg}
90%
{Vatican} City State
86%
Hashemite Kingdom of {Jordan}
81%
Plurinational State of {Bolivia}
81%
Sultanate of {Oman}
81%
Bolivarian Republic of {Venezuela}
76%
Nation of {Brunei}, Abode of Peace
76%
Most Serene Republic of {San} {Marino}
62%
Socialist Republic of {Vietnam}
62%
{Swiss} Confederation
57%
Co-operative Republic of {Guyana}
48%
Federative Republic of {Brazil}
48%
Islamic Emirate of {Afghanistan}
48%
Oriental Republic of {Uruguay}
48%
Republic of the Union of {Myanmar}
48%
Union of the {Comoros}
38%
Democratic Socialist Republic of {Sri} {Lanka}
33%
United Republic of {Tanzania}
33%
Independent and Sovereign Republic of {Kiribati}
14%
No matching quizzes found
Score Distribution
Percent of People with Each Score
Percentile by Number Answered
Your Score History
You have not taken this quiz